South Eastern Kenya University

Library Online Public Access Catalogue


Marine biology / (Record no. 2110)

MARC details
000 -LEADER
fixed length control field 00694cam a2200205 a 4500
020 ## - ISBN
International Standard Book Number 9780073524207 (acidfree paper)
020 ## - ISBN
International Standard Book Number 0073524204
020 ## - ISBN
International Standard Book Number 9780076637775
050 00 - LIBRARY OF CONGRESS CALL NUMBER
Classification Number QH91
Item Number .C37 2013
100 1# - MAIN ENTRY--Author
Personal name Castro, Peter.
245 10 - TITLE
Title Marine biology /
Statement of responsibility, etc Peter Castro, Michael E. Huber ; original artwork by William C. Ober and Claire W. Garrison.
250 ## - EDITIONSTATEMENT
Edition statement 9th ed.
260 ## - PUBLICATION, DISTRIBUTION, ETC.(IMPRINT)
Place of publication, distribution, etc New York, NY :
Name of publisher, distributor, etc McGraw Hill,
Date of publication, distribution, etc c2013.
300 ## - PHYSICAL DESCRIPTION
Extent xv, 462 p. :
650 #0 - SUBJECT--TOPIC
Form subdivision Textbooks.
700 1# - ADDED ENTRY--PERSONAL AUTHOR
Personal Name Huber, Michael E.
856 41 - URL/ELECTRONIC LOCATION AND ACCESS
Uniform Resource Identifier <a href="http://www.loc.gov/catdir/enhancements/fy1304/2012026518-t.html">http://www.loc.gov/catdir/enhancements/fy1304/2012026518-t.html</a>
856 42 - URL/ELECTRONIC LOCATION AND ACCESS
Uniform Resource Identifier <a href="http://www.loc.gov/catdir/enhancements/fy1304/2012026518-d.html">http://www.loc.gov/catdir/enhancements/fy1304/2012026518-d.html</a>
942 ## - ADDED ENTRY ELEMENTS(KOHA)
Koha item type General circulation
Holdings
Source of classification or shelving scheme Not for loan Location (home branch) Sublocation (holding branch) Date accessioned Cost, normal purchase price Full call number Barcode Cost, replacement price Koha item type Public note
Library of Congress Classification   Main Campus Library Main Campus Library 27/08/2014 5085.15 QH91 .C37 2013 2017/019801 5585.00 Shortloan leo
Kitui, Kenya.
+254736116989
library@seku.ac.ke